000
00280nam a22001337a 4500
003
SGT
082
_a
635
_b
WAT
100
_a
WATSON WILLIAM
245
_a
THE GARDENER'S ASSISTANT
260
_a
LONDON
_b
TGPC PUBLICATION
_c
1934
300
_a
388
650
_a
AG
942
_2
ddc
_c
RARE
999
_c
33737
_d
33737